Sad Celebrities Quiz Stats

 Plays Quiz Updated Oct 11, 2013

Support Sporcle.
Go Orange.
Score 0/20 Timer 04:00
0 Plays Today
% Correct
Charlie Sheen
90.9%
Brad Pitt
90.2%
Britney Spears
89.9%
Kim Kardashian
75%
Natalie Portman
73.3%
Lebron James
73%
Stephen Colbert
66.6%
Tobey Maguire
63.1%
Tim Tebow
58.7%
Nicole Kidman
56.2%
% Correct
Jon Hamm
55.6%
James Van Der Beek
50%
Tonya Harding
48.9%
Robert Downey Jr.
47.5%
Claire Danes
40.5%
Matthew Fox
32.6%
Aaron Paul
27.9%
Chris Colfer
21.7%
John Boehner
21.6%
Heidi Pratt
21.5%

From the Vault

Books of the Torah Blitz

by zachHu1

Religion 30s
This could be the first time that Torah and Blitz were used in the same title for anything ever.
Remove Ads.
Support Sporcle.
Get the best of Sporcle when you Go Orange. This ad-free experience offers more features, more stats, and more fun while also helping to support Sporcle. Thank you for becoming a member.

Show Comments

Extras

Top Quizzes Today


Score Distribution

Your Account Isn't Verified!

In order to create a playlist on Sporcle, you need to verify the email address you used during registration. Go to your Sporcle Settings to finish the process.

Report this User

Report this user for behavior that violates our Community Guidelines.

Details: